Great Asian food / (Record no. 6632)
[ view plain ]
| 000 -LEADER | |
|---|---|
| fixed length control field | 00950nac a22002651u 4500 |
| 020 ## - INTERNATIONAL STANDARD BOOK NUMBER | |
| International Standard Book Number | 9781863961936 |
| 082 00 - DEWEY DECIMAL CLASSIFICATION NUMBER | |
| Classification number | 394.1095 |
| 090 ## - LOCALLY ASSIGNED LC-TYPE CALL NUMBER (OCLC); LOCAL CALL NUMBER (OCLC) | |
| -- | 6632 |
| -- | 6632 |
| 100 ## - MAIN ENTRY--PERSONAL NAME | |
| Personal name | 20080729 |
| 110 ## - MAIN ENTRY--CORPORATE NAME | |
| Corporate name or jurisdiction name as entry element | Australian Women's Weekly |
| 245 00 - TITLE STATEMENT | |
| Title | Great Asian food / |
| Remainder of title | Australian Women's Weekly |
| 260 ## - PUBLICATION, DISTRIBUTION, ETC. (IMPRINT) | |
| Place of publication, distribution, etc | Singapore: |
| Name of publisher, distributor, etc | ACP Publishing Pty Ltd ,2004 |
| Date of publication, distribution, etc | 2004 |
| 300 ## - PHYSICAL DESCRIPTION | |
| Extent | 247 p.: |
| Other physical details | Col. ill.; |
| Dimensions | 24 cm. |
| 440 #0 - | |
| -- | ConsumAsiaN book series |
| 500 ## - GENERAL NOTE | |
| General note | distributer: Al-Ahram |
| 504 ## - BIBLIOGRAPHY, ETC. NOTE | |
| Bibliography, etc | Includes bibliographical references (p. 174-185) and index. |
| 511 ## - PARTICIPANT OR PERFORMER NOTE | |
| Participant or performer note | catalogued by: wessam |
| 650 #0 - SUBJECT ADDED ENTRY--TOPICAL TERM | |
| Topical term or geographic name as entry element | Gastronomy. |
| 650 #0 - SUBJECT ADDED ENTRY--TOPICAL TERM | |
| Topical term or geographic name as entry element | Diet |
| Geographic subdivision | Asia. |
| 650 #0 - SUBJECT ADDED ENTRY--TOPICAL TERM | |
| Topical term or geographic name as entry element | Food habits |
| Geographic subdivision | Asia. |
| 700 1# - ADDED ENTRY--PERSONAL NAME | |
| Personal name | Cwiertka, Katarzyna Joanna, |
| Dates associated with a name | 1968- |
| 700 1# - ADDED ENTRY--PERSONAL NAME | |
| Personal name | Walraven, Boudewijn, |
| Dates associated with a name | 1947- |
| 942 ## - ADDED ENTRY ELEMENTS (KOHA) | |
| Item type | Book - Borrowing |
| Call number prefix | 394.1095 |
| Withdrawn status | Item status | Damaged status | Not for loan | Home library | Current library | Shelving location | Date acquired | Source of acquisition | Total Checkouts | Total Renewals | Full call number | Barcode | Date last seen | Date last borrowed | Koha item type |
|---|---|---|---|---|---|---|---|---|---|---|---|---|---|---|---|
| Central Library | Central Library | First floor | 28/11/2007 | Purchase | 1 | 2 | 394.1095 GRE | 000008267 | 15/07/2025 | 29/10/2017 | Book - Borrowing |